[Event "35th European Club Cup 2019"]
[Site "Ulcinj"]
[Date "2019.11.14"]
[Round "5.22"]
[White "Meurs, Tom"]
[Black "Georgiadis, Ioannis"]
[Result "0-1"]
[WhiteElo "2249"]
[BlackElo "2491"]
[Annotator "TA"]
[PlyCount "108"]
[EventDate "2019.11.10"]
[EventType "team-tourn"]
[EventCountry "MNE"]
[SourceTitle "playchess.com"]
[Source "ChessBase"]
[SourceQuality "1"]
[WhiteTeam "Apeldoorn"]
[BlackTeam "Riehen SG"]

{[%evp 10,108,25,18,27,26,25,20,17,19,52,69,66,65,60,64,66,66,57,14,10,10,14,0,12,-11,-11,-91,-19,-25,-25,-33,-37,-35,-35,-34,-25,-32,-25,-17,-22,-11,-10,-25,-10,-14,0,0,10,15,10,11,12,-70,-69,-70,-67,-70,-59,-70,-68,-71,-59,-104,-104,-119,-112,-118,-104,-112,-115,-127,-127,-348,-289,-311,-103,-104,-94,-212,-94,-187,-131,-1437,-2106,-1961,-1847,-1784,-1477,-870,-713,-2464,-1659,-739,-11389,-6087,-6035,-5393,-5057,-29986,-29987]} 1. e4 c6 2. Nc3 d5 3. Nf3 dxe4 4. Nxe4 Nf6 5. Qe2 Nxe4 6. Qxe4 Qa5 {B11: Caro-Kann: Two Knights Variation} 7. Bc4 (7. Qh4 Nd7 8. Bc4 Ne5 9. Be2 Nxf3+ 10. Bxf3 Bf5 11. O-O Bxc2 12. d4 e6 13. Qg3 Bg6 14. h4 {1-0 (48) Wei,Y (2721)-Vachier Lagrave,M (2774) chess.com INT 2019}) 7... Bf5 8. Qf4 e6 {The position is equal.} 9. O-O Qc5 $146 ({Predecessor:} 9... Nd7 10. Re1 Be7 11. d3 O-O 12. Bd2 Qd8 13. Qg3 Bf6 14. Bg5 Bxg5 15. Nxg5 {0-1 (53) Sankalp,G (2369)-Makarian,R (2386) Mumbai 2019}) 10. Qc7 Nd7 11. Qxb7 Rb8 12. Qa6 Bxc2 13. d3 {Be3 is the strong threat.} Qb6 $1 14. Be3 Qxa6 15. Bxa6 {Black must now prevent b3.} Rxb2 16. Rfc1 Bc5 17. d4 (17. Nd4 $5 {[%cal Rd4c2]} Ba4 18. Rc4 $11) 17... Ba3 18. Nd2 (18. Bb7 $11) 18... Rb6 ({Better is} 18... Nb6 $1 $17) 19. Rxc2 $11 Rxa6 20. Nc4 O-O 21. Nxa3 Rxa3 22. Rxc6 Nb6 23. Bf4 {White wants to play Bd6.} Ra4 24. Bd6 Rd8 25. Bc5 Nd5 26. a3 h6 27. Rb1 Nc3 28. Rb7 Ne2+ 29. Kf1 Nxd4 30. Rcc7 Rc4 {[%cal Rc4c1]} 31. Bxa7 (31. Bxd4 $11 Rxc7 32. Rxc7 Rxd4 33. Rxa7) 31... Rxc7 $15 32. Rxc7 $11 {[%mdl 4096] Endgame KRB-KRN} Nb5 33. Rb7 Nxa3 34. Rb8 Rxb8 35. Bxb8 $15 {KB-KN} f6 36. h4 h5 37. g3 Kf7 38. Kg2 Kg6 39. Kf3 Kf5 40. Bd6 Nc4 41. Bb4 $2 (41. Bf8 $17) 41... Ne5+ $19 42. Kg2 Nc6 $2 (42... Ke4 $19 43. Bf8 g6) 43. Bf8 $17 g6 44. Bc5 {[#]} (44. f3 $17) 44... e5 (44... Ke4 $1 $19 {is more deadly.} 45. Bf8 e5) 45. Bd6 (45. f3 $17 {was the only chance.}) 45... Kg4 ({Black should try} 45... Ke4 $19 46. Bc7 Nd4) 46. Bc7 $2 {[%mdl 8192]} (46. f3+ $17 Kf5 47. Kf2) 46... e4 $19 47. Bb6 Ne7 48. Bc5 {[#]} Nd5 $1 49. Bd4 f5 50. Be5 f4 51. Bd6 fxg3 52. fxg3 Ne3+ 53. Kf2 Nf5 54. Kg2 Nxd6 {Accuracy: White = 40%, Black = 51%.} 0-1

[Event "35th European Club Cup 2019"]
[Site "Ulcinj"]
[Date "2019.11.14"]
[Round "5.22"]
[White "Bujupi, Fatmir"]
[Black "Umudova, Nargiz"]
[Result "0-1"]
[WhiteElo "2131"]
[BlackElo "2270"]
[Annotator "NA"]
[PlyCount "70"]
[EventDate "2019.11.10"]
[EventType "team-tourn"]
[EventCountry "MNE"]
[SourceTitle "playchess.com"]
[Source "ChessBase"]
[SourceQuality "1"]
[WhiteTeam "Prishtina"]
[BlackTeam "Echiquier Mosan"]
[TimeControl "40/5400+30:1800+30"]

1. e4 {[%emt 0:00:00]} c6 {[%emt 0:00:00]} 2. d4 {[%emt 0:00:02]} d5 {[%emt 0:00:00]} 3. Bd3 {[%emt 0:01:46]} dxe4 {[%emt 0:02:29]} 4. Bxe4 {[%emt 0:00:07]} Nf6 {[%emt 0:00:41]} 5. Bf3 {[%emt 0:00:08]} Bf5 {[%emt 0:01:54]} 6. Ne2 {[%emt 0:03:35]} e6 {[%emt 0:00:38]} 7. O-O {[%emt 0:00:38]} Be7 {[%emt 0:05:09]} 8. c4 {[%emt 0:01:39]} Nbd7 {[%emt 0:07:18]} 9. Bf4 {[%emt 0:03:51]} h6 {[%emt 0:01:21]} 10. Ng3 {[%emt 0:04:53]} Bh7 {[%emt 0:01:08]} 11. Re1 {[%emt 0:02:30]} Nb6 {[%emt 0:04:43]} 12. b3 {[%emt 0:01:46]} Qd7 {[%emt 0:03:46]} 13. Qd2 {[%emt 0:07:37]} O-O {[%emt 0:06:55]} 14. Nc3 {[%emt 0:03:34]} a5 {[%emt 0:08:29]} 15. Rad1 {[%emt 0:11:10]} a4 {[%emt 0:13:19]} 16. Re5 Bb4 {[%emt 0:11:01]} 17. Qe3 {[%emt 0:20:10]} axb3 {[%emt 0:04:16]} 18. axb3 Bg6 {[%emt 0:02:31]} 19. h4 {[%emt 0:06:49]} Ra3 {[%emt 0:02:42]} 20. Bxh6 {[%emt 0:06:43]} Rxb3 {[%emt 0:05:45]} 21. Qg5 {[%emt 0:01:27]} Rxc3 {[%emt 0:03:26]} 22. h5 {[%emt 0:01:44]} Nh7 {[%emt 0:04:50]} 23. Qg4 {[%emt 0:01:19]} f5 {[%emt 0:02:17]} 24. Qh3 {[%emt 0:05:09]} Be8 {[%emt 0:00:27]} 25. Bd2 {[%emt 0:08:14]} Rxc4 {[%emt 0:00:37]} 26. Bxb4 {[%emt 0:00:26]} Rxb4 {[%emt 0:00:05]} 27. Qh4 {[%emt 0:01:00]} Nd5 {[%emt 0:01:50]} 28. Rde1 {[%emt 0:00:26]} Bf7 {[%emt 0:00:52]} 29. Bxd5 {[%emt 0:03:41]} cxd5 {[%emt 0:00:10]} 30. Ne2 {[%emt 0:02:29]} Qd8 {[%emt 0:00:32]} 31. Qh2 {[%emt 0:00:17]} Qg5 {[%emt 0:01:01]} 32. Nf4 {[%emt 0:01:38]} Rxd4 {[%emt 0:00:48]} 33. Nxe6 {[%emt 0:00:10]} Bxe6 {[%emt 0:00:12]} 34. Rxe6 {[%emt 0:00:05]} Re4 {[%emt 0:01:19]} 35. R1xe4 fxe4 0-1

[Event "35th European Club Cup 2019"]
[Site "Ulcinj"]
[Date "2019.11.14"]
[Round "5.23"]
[White "Babula, Vlastimil"]
[Black "Goormachtigh, Johan"]
[Result "1-0"]
[WhiteElo "2572"]
[BlackElo "2180"]
[Annotator "TA"]
[PlyCount "111"]
[EventDate "2019.11.10"]
[EventType "team-tourn"]
[EventCountry "MNE"]
[SourceTitle "playchess.com"]
[Source "ChessBase"]
[SourceQuality "1"]
[WhiteTeam "Novy Bor"]
[BlackTeam "KGSRL Gent"]

{[%evp 13,111,35,31,11,17,25,27,29,34,22,21,8,39,0,34,22,25,22,22,12,26,12,37,23,83,102,112,102,118,108,114,91,91,94,118,93,103,116,134,97,110,106,114,39,39,43,32,19,28,19,72,78,115,95,138,168,226,239,271,232,230,237,317,303,294,293,281,199,207,209,293,293,289,265,449,362,591,566,856,852,855,735,789,615,645,566,499,421,12841,12842,12842,12843,12843,12842,12844,12844,12845,12845,12846,12846]} 1. d4 Nf6 2. c4 g6 3. Nc3 d5 4. cxd5 Nxd5 5. Bd2 Bg7 6. e4 Nb6 7. Be3 O-O 8. Bb5 {D85: Exchange Grünfeld: Unusual White 7th moves and lines with 7 Nf3} (8. Be2 Nc6 9. Nf3 Bg4 10. d5 Na5 11. Bd4 Bxf3 12. gxf3 Qd6 13. Bxg7 Kxg7 14. Qd2 Qf6 15. h4 Nac4 16. Qc1 c6 17. h5 Kg8 18. a4 {½-½ (50) Ding,L (2805)-Vachier Lagrave,M (2778) Saint Louis 2019}) 8... e5 9. dxe5 c6 10. Be2 {White has an edge.} Bxe5 11. Qc2 Bg7 12. h4 $146 ({Predecessor:} 12. Nf3 N8d7 13. a4 Ne5 14. Nxe5 Bxe5 15. a5 Nd7 {½-½ (30) Huzman,A (2577)-Holzke,F (2478) Amsterdam 2005}) 12... Be6 13. h5 Na6 14. Bxa6 bxa6 15. Rd1 Qe7 16. Nge2 Nc4 17. Bd4 Ne5 18. Na4 Qb4+ (18... Rad8 $11 {remains equal.}) 19. Bc3 $16 Qe7 20. f4 $36 {[%mdl 2048] Keeping Black busy.} Ng4 {...Ne3 is the strong threat.} 21. Bxg7 Kxg7 22. hxg6 (22. Qxc6 $6 Rac8 $11) 22... hxg6 23. Qc3+ (23. Qxc6 Rfc8 $15) 23... Qf6 24. Nc5 (24. Qxc6 Rac8 $17) (24. Qh3 $2 Rh8 $19) 24... Qxc3+ 25. Nxc3 Rfe8 26. Rh3 a5 27. Rd6 Nf6 28. Nxe6+ ({White should play} 28. Rhd3 $16) 28... Rxe6 $14 29. Rxe6 fxe6 $16 {[%mdl 4096] Endgame KRN-KRN} 30. Kd2 Rb8 31. Kc2 Rb4 (31... e5 $1 $11) 32. a3 Rb8 33. Rd3 Kf7 34. Rd6 Rb6 (34... Rc8 $142 35. g3 Ke7) 35. e5 $18 Nd5 36. Nxd5 cxd5 {KR-KR} 37. Rd7+ {[%mdl 64] [#] Double Attack} Kf8 38. Rxa7 Rc6+ 39. Kd3 Rb6 40. Kc3 ({Don't take} 40. Rxa5 $6 Rxb2 41. Ra8+ Ke7 $16) 40... Rc6+ 41. Kb3 Rb6+ {[#]} (41... Rc5 {is a better defense.} 42. a4 g5) 42. Ka2 $1 Rb5 43. g3 g5 $2 (43... Ke8 44. Rg7 g5 45. Rxg5 Kf7) 44. a4 {[%cal Ba3a4,Ba4a5,Ba5a6,Ba6a7][%mdl 32]} Rb4 $2 (44... Rc5 45. b4 (45. fxg5 d4 $16) 45... axb4) 45. Rxa5 {White is clearly winning.} gxf4 46. gxf4 Rxf4 47. Ka3 Re4 48. Rc5 Rxe5 49. a5 {And now a6 would win.} Re1 50. Ka2 Ke7 (50... Re4 $142 51. Rc3 Ke7) 51. a6 Rf1 52. Rc8 Rf4 53. Kb3 Rf3+ 54. Kb4 Rf4+ 55. Ka5 Rf1 56. a7 {Accuracy: White = 70%, Black = 42%.} 1-0

[Event "35th European Club Cup 2019"]
[Site "Ulcinj"]
[Date "2019.11.14"]
[Round "5.23"]
[White "Haag, Gregor"]
[Black "Boel, Marcel"]
[Result "1/2-1/2"]
[WhiteElo "2368"]
[BlackElo "2218"]
[Annotator "NA"]
[PlyCount "60"]
[EventDate "2019.11.10"]
[EventType "team-tourn"]
[EventCountry "MNE"]
[SourceTitle "playchess.com"]
[Source "ChessBase"]
[SourceQuality "1"]
[WhiteTeam "Riehen SG"]
[BlackTeam "Apeldoorn"]
[TimeControl "40/5400+30:1800+30"]

1. d4 {[%emt 0:00:00]} d5 {[%emt 0:00:00]} 2. c4 e6 {[%emt 0:00:00]} 3. Nf3 {[%emt 0:00:00]} Nf6 {[%emt 0:00:00]} 4. Nc3 {[%emt 0:00:00]} Bb4 {[%emt 0:00:31]} 5. Bg5 h6 {[%emt 0:01:51]} 6. Bxf6 {[%emt 0:04:29]} Qxf6 7. Qa4+ {[%emt 0:07:24]} Nc6 {[%emt 0:00:46]} 8. e3 {[%emt 0:00:53]} O-O {[%emt 0:01:46]} 9. Bd3 {[%emt 0:07:07]} dxc4 {[%emt 0:05:27]} 10. Bxc4 {[%emt 0:00:28]} Bxc3+ {[%emt 0:09:13]} 11. bxc3 {[%emt 0:02:01]} Bd7 {[%emt 0:02:37]} 12. O-O {[%emt 0:08:42]} Rfd8 {[%emt 0:01:14]} 13. Qc2 {[%emt 0:06:38]} Na5 {[%emt 0:02:23]} 14. Bd3 {[%emt 0:02:46]} c5 {[%emt 0:03:09]} 15. Rab1 {[%emt 0:02:43]} Rac8 {[%emt 0:01:25]} 16. Qe2 {[%emt 0:02:03]} Qe7 {[%emt 0:04:35]} 17. Ne5 {[%emt 0:04:26]} Be8 {[%emt 0:03:38]} 18. h3 {[%emt 0:12:41]} g6 {[%emt 0:12:12]} 19. Qb2 {[%emt 0:06:10]} b6 {[%emt 0:01:02]} 20. Rfc1 {[%emt 0:04:58]} Nc6 {[%emt 0:02:22]} 21. Nxc6 {[%emt 0:07:48]} Bxc6 {[%emt 0:05:54]} 22. Qa3 {[%emt 0:02:06]} Qg5 {[%emt 0:03:39]} 23. Bf1 {[%emt 0:05:02]} Be4 {[%emt 0:01:34]} 24. Rb5 {[%emt 0:00:05]} Bc6 25. Rbb1 {[%emt 0:00:05]} Be4 {[%emt 0:01:00]} 26. Rb5 {[%emt 0:07:05]} Bc6 {[%emt 0:00:42]} 27. Rbb1 {[%emt 0:00:05]} Be4 {[%emt 0:00:04]} 28. Rb5 {[%emt 0:00:04]} Bc6 29. Rbb1 {[%emt 0:00:02]} Be4 {[%emt 0:00:36]} 30. Rb5 Bc6 1/2-1/2

[Event "35th European Club Cup 2019"]
[Site "Ulcinj"]
[Date "2019.11.14"]
[Round "5.23"]
[White "Noiroux, Kevin"]
[Black "Berisha, Enver"]
[Result "0-1"]
[WhiteElo "2170"]
[BlackElo "2124"]
[Annotator "NA"]
[PlyCount "180"]
[EventDate "2019.11.10"]
[EventType "team-tourn"]
[EventCountry "MNE"]
[SourceTitle "playchess.com"]
[Source "ChessBase"]
[SourceQuality "1"]
[WhiteTeam "Echiquier Mosan"]
[BlackTeam "Prishtina"]
[TimeControl "40/5400+30:1800+30"]

1. d4 {[%emt 0:00:00]} Nf6 {[%emt 0:00:00]} 2. Nf3 {[%emt 0:00:00]} e6 {[%emt 0:00:10]} 3. Bf4 {[%emt 0:00:00]} d5 {[%emt 0:00:21]} 4. e3 {[%emt 0:00:00]} Bd6 {[%emt 0:01:05]} 5. Bg3 {[%emt 0:00:01]} O-O {[%emt 0:00:26]} 6. Nbd2 {[%emt 0:00:15]} b6 {[%emt 0:00:22]} 7. Bd3 {[%emt 0:00:12]} Bb7 {[%emt 0:00:43]} 8. c3 {[%emt 0:00:41]} Ne4 {[%emt 0:01:43]} 9. Bh4 {[%emt 0:18:49]} Be7 {[%emt 0:04:07]} 10. Bxe7 {[%emt 0:00:29]} Qxe7 {[%emt 0:00:14]} 11. g4 {[%emt 0:01:45]} Nd7 {[%emt 0:02:08]} 12. Qc2 {[%emt 0:04:16]} f5 {[%emt 0:04:17]} 13. Rg1 {[%emt 0:05:18]} fxg4 {[%emt 0:01:16]} 14. Rxg4 {[%emt 0:02:39]} Ndf6 {[%emt 0:00:52]} 15. Rg2 {[%emt 0:01:25]} Nxd2 {[%emt 0:01:21]} 16. Nxd2 {[%emt 0:13:16]} e5 {[%emt 0:02:42]} 17. dxe5 Qxe5 {[%emt 0:00:58]} 18. O-O-O {[%emt 0:00:52]} c5 {[%emt 0:03:39]} 19. Rdg1 {[%emt 0:02:02]} Rf7 {[%emt 0:04:14]} 20. Nf3 {[%emt 0:03:30]} Qh5 {[%emt 0:00:47]} 21. Ng5 {[%emt 0:09:14]} Re7 {[%emt 0:00:44]} 22. Rg3 {[%emt 0:00:20]} Bc8 {[%emt 0:05:07]} 23. Bf5 {[%emt 0:06:53]} Bxf5 {[%emt 0:02:29]} 24. Qxf5 {[%emt 0:00:04]} Rf8 {[%emt 0:05:33]} 25. Rh3 {[%emt 0:11:42]} Qg6 {[%emt 0:00:12]} 26. Qxg6 {[%emt 0:00:19]} hxg6 {[%emt 0:00:13]} 27. Rhg3 {[%emt 0:00:55]} Nh5 {[%emt 0:00:22]} 28. R3g2 {[%emt 0:00:09]} d4 {[%emt 0:00:49]} 29. Rd1 {[%emt 0:03:26]} dxe3 {[%emt 0:01:12]} 30. fxe3 {[%emt 0:00:10]} Rxe3 {[%emt 0:00:36]} 31. Kb1 {[%emt 0:04:26]} c4 {[%emt 0:02:52]} 32. a3 {[%emt 0:00:18]} Rd3 {[%emt 0:00:33]} 33. Re1 {[%emt 0:00:43]} Nf4 {[%emt 0:05:47]} 34. Rf2 {[%emt 0:06:35]} Rd5 {[%emt 0:00:58]} 35. Ref1 {[%emt 0:02:31]} Rdf5 {[%emt 0:00:55]} 36. Ne4 {[%emt 0:00:19]} Nd3 {[%emt 0:00:24]} 37. Rxf5 {[%emt 0:00:19]} gxf5 {[%emt 0:03:01]} 38. Nd6 {[%emt 0:00:10]} f4 {[%emt 0:00:31]} 39. Nxc4 {[%emt 0:00:21]} Kh7 {[%emt 0:03:30]} 40. Kc2 {[%emt 0:00:00]} Nc5 {[%emt 0:00:00]} 41. b4 {[%emt 0:03:35]} Ne6 {[%emt 0:05:04]} 42. h4 {[%emt 0:07:30]} Kh6 {[%emt 0:01:23]} 43. Ne5 {[%emt 0:01:40]} Rf5 {[%emt 0:01:16]} 44. Nf3 {[%emt 0:00:08]} Kh5 {[%emt 0:06:05]} 45. Kd3 {[%emt 0:01:44]} Rf8 {[%emt 0:05:57]} 46. Ke4 {[%emt 0:05:22]} Rc8 {[%emt 0:04:34]} 47. c4 {[%emt 0:00:22]} Nf8 {[%emt 0:03:21]} 48. Ne5 {[%emt 0:02:06]} Ng6 {[%emt 0:06:25]} 49. Nxg6 {[%emt 0:05:28]} Kxg6 {[%emt 0:00:27]} 50. Rg1+ {[%emt 0:03:22]} Kh6 {[%emt 0:01:33]} 51. Kd5 {[%emt 0:01:39]} Rd8+ {[%emt 0:01:35]} 52. Kc6 {[%emt 0:01:27]} Rd3 {[%emt 0:02:16]} 53. a4 {[%emt 0:03:11]} Rd4 {[%emt 0:01:31]} 54. Kb5 {[%emt 0:00:31]} a6+ {[%emt 0:04:36]} 55. Kxa6 {[%emt 0:00:15]} Rxc4 {[%emt 0:00:07]} 56. Kb5 {[%emt 0:00:10]} Re4 {[%emt 0:00:20]} 57. a5 {[%emt 0:04:53]} bxa5 {[%emt 0:00:16]} 58. bxa5 {[%emt 0:00:11]} f3 {[%emt 0:00:32]} 59. Rf1 {[%emt 0:00:16]} Re3 {[%emt 0:00:09]} 60. a6 {[%emt 0:00:37]} Ra3 61. a7 {[%emt 0:00:36]} Rxa7 {[%emt 0:02:56]} 62. Rxf3 {[%emt 0:00:03]} Kh5 {[%emt 0:00:19]} 63. Rf4 {[%emt 0:00:48]} Rc7 {[%emt 0:00:30]} 64. Kb4 {[%emt 0:00:19]} Rc1 {[%emt 0:00:25]} 65. Kb3 {[%emt 0:00:24]} Rg1 {[%emt 0:00:29]} 66. Kc2 {[%emt 0:00:31]} Rg4 67. Rf8 {[%emt 0:00:11]} Kxh4 {[%emt 0:00:28]} 68. Kd2 {[%emt 0:00:07]} Re4 {[%emt 0:00:36]} 69. Kd3 {[%emt 0:00:41]} Re1 {[%emt 0:00:30]} 70. Rf4+ {[%emt 0:00:28]} Kg3 {[%emt 0:00:46]} 71. Rf5 {[%emt 0:00:13]} Kg4 {[%emt 0:00:14]} 72. Rf7 {[%emt 0:00:02]} g5 {[%emt 0:00:16]} 73. Kd2 {[%emt 0:00:03]} Re5 {[%emt 0:00:19]} 74. Kd3 {[%emt 0:00:27]} Kg3 {[%emt 0:00:17]} 75. Kd4 {[%emt 0:00:02]} Re1 {[%emt 0:00:20]} 76. Rg7 {[%emt 0:00:04]} g4 {[%emt 0:00:28]} 77. Kd3 {[%emt 0:00:05]} Kf3 {[%emt 0:00:40]} 78. Kd2 {[%emt 0:00:04]} Re6 {[%emt 0:00:24]} 79. Rf7+ {[%emt 0:00:16]} Kg2 {[%emt 0:00:19]} 80. Rg7 {[%emt 0:00:02]} g3 {[%emt 0:00:15]} 81. Kd1 {[%emt 0:00:08]} Kf2 {[%emt 0:00:13]} 82. Rf7+ {[%emt 0:00:19]} Kg1 {[%emt 0:00:26]} 83. Rg7 {[%emt 0:00:54]} g2 {[%emt 0:00:15]} 84. Kd2 {[%emt 0:00:09]} Re4 {[%emt 0:00:10]} 85. Kd3 {[%emt 0:00:06]} Rh4 {[%emt 0:00:23]} 86. Ke2 {[%emt 0:02:12]} Rh8 {[%emt 0:00:34]} 87. Rg5 {[%emt 0:04:29]} Kh2 {[%emt 0:00:33]} 88. Kf2 {[%emt 0:00:51]} g1=Q+ {[%emt 0:00:21]} 89. Rxg1 {[%emt 0:00:07]} Rf8+ {[%emt 0:00:12]} 90. Ke3 {[%emt 0:00:03]} Kxg1 {[%emt 0:00:22]} 0-1

[Event "35th European Club Cup 2019"]
[Site "Ulcinj"]
[Date "2019.11.14"]
[Round "5.24"]
[White "Van der Elburg, Freddie"]
[Black "Wirthensohn, Heinz"]
[Result "0-1"]
[WhiteElo "2190"]
[BlackElo "2313"]
[Annotator "NA"]
[PlyCount "72"]
[EventDate "2019.11.10"]
[EventType "team-tourn"]
[EventCountry "MNE"]
[SourceTitle "playchess.com"]
[Source "ChessBase"]
[SourceQuality "1"]
[WhiteTeam "Apeldoorn"]
[BlackTeam "Riehen SG"]
[TimeControl "40/5400+30:1800+30"]

1. f4 {[%emt 0:00:00]} d5 {[%emt 0:00:00]} 2. Nf3 {[%emt 0:00:00]} g6 3. g3 {[%emt 0:00:00]} Nf6 {[%emt 0:00:12]} 4. Bg2 {[%emt 0:00:00]} Bg7 {[%emt 0:00:22]} 5. O-O {[%emt 0:00:18]} b5 {[%emt 0:01:37]} 6. d3 {[%emt 0:00:30]} Bb7 {[%emt 0:00:30]} 7. Qe1 {[%emt 0:11:18]} Nbd7 {[%emt 0:03:44]} 8. a4 a6 9. axb5 {[%emt 0:13:45]} axb5 {[%emt 0:08:18]} 10. Rxa8 {[%emt 0:00:04]} Qxa8 {[%emt 0:00:24]} 11. Na3 {[%emt 0:05:04]} Qa6 {[%emt 0:01:09]} 12. Qb4 {[%emt 0:10:52]} Qb6+ 13. d4 Ba6 {[%emt 0:02:42]} 14. Ne5 {[%emt 0:17:17]} e6 {[%emt 0:02:37]} 15. Be3 {[%emt 0:07:45]} Bf8 16. Qd2 b4 {[%emt 0:00:50]} 17. Nb1 {[%emt 0:00:35]} Be7 {[%emt 0:00:49]} 18. Rc1 {[%emt 0:03:02]} O-O {[%emt 0:01:25]} 19. c4 {[%emt 0:01:35]} bxc3 {[%emt 0:00:20]} 20. Nxc3 {[%emt 0:08:00]} Rc8 {[%emt 0:14:32]} 21. Nd3 {[%emt 0:11:50]} Ng4 {[%emt 0:05:19]} 22. Na4 {[%emt 0:02:25]} Qb3 {[%emt 0:03:43]} 23. Nac5 {[%emt 0:02:58]} Nxc5 {[%emt 0:01:48]} 24. Rc3 {[%emt 0:01:12]} Qb5 {[%emt 0:07:23]} 25. dxc5 Bf6 {[%emt 0:01:43]} 26. Ra3 {[%emt 0:01:34]} Nxe3 {[%emt 0:01:35]} 27. Qxe3 {[%emt 0:00:12]} Qc4 {[%emt 0:03:52]} 28. Qd2 {[%emt 0:00:13]} Bb5 {[%emt 0:01:01]} 29. b4 {[%emt 0:01:04]} Bc6 {[%emt 0:02:06]} 30. Bf1 {[%emt 0:01:30]} Qe4 {[%emt 0:02:01]} 31. Nf2 {[%emt 0:00:11]} Qb1 {[%emt 0:01:07]} 32. Qd3 {[%emt 0:00:49]} Qxb4 {[%emt 0:00:31]} 33. Qa6 {[%emt 0:01:28]} Ra8 {[%emt 0:01:56]} 34. Qxa8+ {[%emt 0:00:33]} Bxa8 {[%emt 0:00:10]} 35. Rxa8+ {[%emt 0:00:02]} Kg7 {[%emt 0:00:08]} 36. Nd3 {[%emt 0:00:03]} Qe4 {[%emt 0:05:13]} 0-1

[Event "35th European Club Cup 2019"]
[Site "Ulcinj"]
[Date "2019.11.14"]
[Round "5.24"]
[White "Vanheirzeele, Daniel"]
[Black "Kriebel, Tadeas"]
[Result "0-1"]
[WhiteElo "2105"]
[BlackElo "2516"]
[Annotator "RC"]
[PlyCount "114"]
[EventDate "2019.11.10"]
[EventType "team-tourn"]
[EventCountry "MNE"]
[SourceTitle "playchess.com"]
[Source "ChessBase"]
[SourceQuality "1"]
[WhiteTeam "KGSRL Gent"]
[BlackTeam "Novy Bor"]
[TimeControl "40/5400+30:1800+30"]

1. d4 {[%emt 0:00:00]} d5 {[%emt 0:00:00]} 2. Nf3 {[%emt 0:00:00]} Nf6 {[%emt 0:00:00]} 3. c4 {[%emt 0:04:58]} e6 {[%emt 0:00:50]} 4. g3 {[%emt 0:00:07]} Bb4+ {[%emt 0:00:37]} 5. Bd2 {[%emt 0:01:54]} Bd6 {[%emt 0:00:18]} 6. Bg2 {[%emt 0:02:20]} c6 {[%emt 0:01:09]} 7. O-O {[%emt 0:03:38]} O-O {[%emt 0:03:58]} 8. Bg5 {[%emt 0:21:46]} Nbd7 {[%emt 0:03:31]} 9. e4 {[%emt 0:05:00]} dxe4 {[%emt 0:01:55]} 10. Nfd2 {[%emt 0:00:04]} Be7 {[%emt 0:02:30]} 11. Nc3 {[%emt 0:05:37]} e5 {[%emt 0:14:20]} 12. Bxf6 {[%emt 0:03:40]} Nxf6 {[%emt 0:02:08]} 13. dxe5 {[%emt 0:03:57]} Ng4 {[%emt 0:00:16]} 14. Ndxe4 {[%emt 0:05:36]} Qxd1 {[%emt 0:05:40]} 15. Raxd1 {[%emt 0:04:34]} Nxe5 {[%emt 0:00:05]} 16. c5 {[%emt 0:02:23]} Bg4 {[%emt 0:02:30]} 17. f3 {[%emt 0:01:41]} Be6 {[%emt 0:00:33]} 18. f4 {[%emt 0:12:43]} Nc4 {[%emt 0:02:28]} 19. f5 {[%emt 0:02:57]} Bc8 {[%emt 0:00:24]} 20. Rf3 {[%emt 0:02:42]} f6 {[%emt 0:17:16]} 21. b3 {[%emt 0:08:27]} Ne5 {[%emt 0:00:25]} 22. Rf4 {[%emt 0:01:47]} b6 {[%emt 0:00:59]} 23. Na4 {[%emt 0:01:46]} Rb8 {[%emt 0:03:19]} 24. Nd6 {[%emt 0:01:03]} Rd8 {[%emt 0:05:27]} 25. b4 {[%emt 0:00:16]} bxc5 {[%emt 0:00:49]} 26. bxc5 {[%emt 0:00:04]} Ba6 {[%emt 0:01:51]} 27. Rfd4 {[%emt 0:02:30]} Be2 {[%emt 0:00:33]} 28. Re1 {[%emt 0:00:19]} Bf3 {[%emt 0:06:50]} 29. Re3 {[%emt 0:00:02]} Rb1+ {[%emt 0:03:56]} 30. Kf2 {[%emt 0:00:20]} Bh5 {[%emt 0:00:27]} 31. h3 {[%emt 0:01:22]} Bf7 {[%emt 0:04:24]} 32. Nc3 {[%emt 0:00:55]} Rc1 {[%emt 0:00:38]} 33. Rd2 {[%emt 0:01:20]} Bf8 {[%emt 0:04:24]} 34. g4 {[%emt 0:00:20]} Nc4 {[%emt 0:06:52]} 35. Nxc4 {[%emt 0:00:10]} Rxd2+ {[%emt 0:00:04]} 36. Nxd2 {[%emt 0:00:03]} Bxc5 {[%emt 0:00:06]} 37. Ne2 {[%emt 0:01:14]} Rc2 {[%emt 0:00:59]} 38. Nb3 {[%emt 0:00:39]} Bxe3+ {[%emt 0:00:29]} 39. Kxe3 {[%emt 0:00:02]} Rxa2 {[%emt 0:00:36]} 40. Nbd4 {[%emt 0:00:00]} c5 {[%emt 0:00:00]} 41. Ne6 {[%emt 0:06:56]} Bxe6 {[%emt 0:06:54]} 42. fxe6 {[%emt 0:01:19]} Kf8 {[%emt 0:00:03]} 43. h4 {[%emt 0:04:57]} Ke7 {[%emt 0:00:44]} 44. Bd5 {[%emt 0:00:24]} Ra3+ {[%emt 0:00:58]} 45. Ke4 {[%emt 0:05:19]} Ra4+ {[%emt 0:00:27]} 46. Kf3 {[%emt 0:01:31]} a5 {[%emt 0:00:59]} 47. Ng3 {[%emt 0:01:37]} g6 {[%emt 0:00:51]} 48. Ne4 {[%emt 0:01:01]} Rd4 {[%emt 0:01:32]} 49. Ba2 {[%emt 0:01:18]} c4 {[%emt 0:04:15]} 50. Ke3 {[%emt 0:01:48]} Rd3+ {[%emt 0:00:05]} 51. Ke2 {[%emt 0:00:29]} a4 {[%emt 0:01:33]} 52. g5 {[%emt 0:03:24]} fxg5 {[%emt 0:11:15]} 53. hxg5 {[%emt 0:00:47]} a3 {[%emt 0:00:05]} 54. Nd2 {[%emt 0:03:27]} Rc3 {[%emt 0:03:10]} 55. Kd1 {[%emt 0:01:07]} Kxe6 {[%emt 0:00:25]} 56. Nxc4 {[%emt 0:00:22]} Kf5 {[%emt 0:05:14]} 57. Nd2 {[%emt 0:01:18]} Ke5 0-1